[Event "Big Slow Lazy Tourney -  Dutch Style"]
[Site "SchemingMind.com"]
[Date "2020.07.11"]
[Round "-"]
[White "ray winteringham"]
[Black "Phillip Beckett"]
[Result "1-0"]
[WhiteCountry "ENG"]
[BlackCountry "ENG"]
[WhiteElo "1520"]
[WhiteRD "50"]
[BlackElo "1539"]
[BlackRD "49"]
[GameID "457756"]

1. d4 f5 2. Bf4 e6 3. Nf3 Nf6 4. g3 d5 5. Bg2 Bd6 6. Bxd6 Qxd6 7. O-O Ne4 8. c3 O-O 9. Nbd2 Nd7 10. e3 Ndf6
11. c4 c6 12. c5 Nxd2 13. cxd6
1-0

[Event "Big Slow Lazy Tourney -  Dutch Style"]
[Site "SchemingMind.com"]
[Date "2020.07.16"]
[Round "-"]
[White "Phillip Beckett"]
[Black "Robert Bruce"]
[Result "0-1"]
[WhiteCountry "ENG"]
[BlackCountry "SCO"]
[WhiteElo "1549"]
[WhiteRD "48"]
[BlackElo "2450"]
[BlackRD "66"]
[GameID "457757"]

1. d4 f5 2. e3 Nf6 3. Bd3 e6 4. Nd2 d5 5. f4 c5 6. c3 c4 7. Bc2 Qc7 8. Ngf3 Bd6 9. Ne5 O-O 10. Ndf3 b5
11. O-O Nc6 12. a3 Ne4 13. Nxc6 Qxc6 14. Ne5 Bxe5 15. fxe5 Bb7 16. Bd2 a5 17. Be1 Qe8 18. Bxe4 dxe4 19. Bh4 Bd5 20. Rf4 Kh8
21. Qe1 h6 22. Bg3 g5 23. Rf1 Kh7 24. Qe2 Qg6 25. h3 Rf7 26. Bh2 Raf8 27. g3 f4 28. gxf4 gxf4+ 29. Kh1 fxe3 30. Rxf7+ Qxf7
31. Kg2 Qf3+ 32. Qxf3 exf3+ 33. Kf1 Be4 34. Re1 Bd3+
0-1

[Event "Big Slow Lazy Tourney -  Dutch Style"]
[Site "SchemingMind.com"]
[Date "2020.07.12"]
[Round "-"]
[White "Phillip Beckett"]
[Black "William Lindberg"]
[Result "0-1"]
[WhiteCountry "ENG"]
[BlackCountry "USA"]
[WhiteElo "1539"]
[WhiteRD "49"]
[BlackElo "2458"]
[BlackRD "65"]
[GameID "457758"]

1. d4 f5 2. e3 Nf6 3. Bd3 d6 4. Nd2 e5 5. dxe5 dxe5 6. Qe2 e4 7. Bb5+ Nbd7 8. Nb3 c6 9. Bc4 Ne5 10. Nd4 Bb4+
11. c3 Be7 12. Bb3 c5 13. Nb5 a6 14. Na3 Nd3+ 15. Kf1 b5 16. Bc2 c4 17. Nh3 O-O 18. Nb1 Nxc1 19. Qd2 Nd3 20. Bxd3 exd3
21. g3 Qd5 22. Rg1 Ng4
0-1

[Event "Big Slow Lazy Tourney -  Dutch Style"]
[Site "SchemingMind.com"]
[Date "2020.07.13"]
[Round "-"]
[White "dmlowrey"]
[Black "Phillip Beckett"]
[Result "1-0"]
[WhiteCountry "USA"]
[BlackCountry "ENG"]
[WhiteElo "1577"]
[WhiteRD "76"]
[BlackElo "1539"]
[BlackRD "49"]
[GameID "457759"]

1. d4 f5 2. c4 e6 3. Nc3 Nf6 4. g3 Be7 5. Bg2 c6 6. Nf3 d5 7. O-O Nbd7 8. Bg5 O-O 9. Qd3 Ne4 10. Bxe7 Qxe7
11. Ne5 Nxe5 12. dxe5 Bd7 13. f3 Nxc3 14. Qxc3 Be8 15. cxd5 cxd5 16. e4 Rc8 17. Qxc8 Bb5 18. Qc3 Bc6 19. exd5
1-0

[Event "Big Slow Lazy Tourney -  Dutch Style"]
[Site "SchemingMind.com"]
[Date "2020.07.12"]
[Round "-"]
[White "dvoretsky"]
[Black "Phillip Beckett"]
[Result "1-0"]
[WhiteCountry "ENG"]
[BlackCountry "ENG"]
[WhiteElo "2556"]
[WhiteRD "81"]
[BlackElo "1549"]
[BlackRD "50"]
[GameID "457760"]

1. d4 f5 2. g3 e6 3. Bg2 Nf6 4. c4 Be7 5. Nf3 O-O 6. O-O c6 7. b3 d6 8. Qc2 Nbd7 9. Nc3 Ne4 10. Nxe4 fxe4
11. Qxe4 Nf6 12. Qc2 d5 13. Bf4 Bd6 14. Bxd6 Qxd6 15. Ne5 Nd7 16. Nd3 dxc4 17. Qxc4 Nb6 18. Qc5 Qd7 19. a4 Qf7 20. a5 Nd5
21. Ne5 Qe7 22. Qxe7 Nxe7 23. h4 Ng6 24. Be4 Nxe5 25. dxe5 Bd7 26. Rfd1 Rad8 27. a6 b6 28. Rd6 Rfe8 29. Rxd7 Rxd7 30. Bxc6 Rde7
31. Bxe8 Rxe8 32. Rc1 Re7 33. Rc8+ Kf7 34. Rb8 Rc7 35. Rb7 Re7 36. b4 Ke8 37. Rb8+ Kf7 38. h5 g6 39. h6 Re8 40. Rb7+ Re7
41. Kg2 Ke8 42. Rb8+ Kf7 43. Rh8
1-0

[Event "Big Slow Lazy Tourney -  Dutch Style"]
[Site "SchemingMind.com"]
[Date "2020.07.12"]
[Round "-"]
[White "Mihir Chandrashekhar"]
[Black "Phillip Beckett"]
[Result "1-0"]
[WhiteCountry "IND"]
[BlackCountry "ENG"]
[WhiteElo "1733"]
[WhiteRD "65"]
[BlackElo "1549"]
[BlackRD "48"]
[GameID "457761"]

1. d4 f5 2. c4 e6 3. Nc3 Nf6 4. g3 Be7 5. Bg2 O-O 6. Bf4 d6 7. Nf3 Nbd7 8. O-O Ne4 9. Ne1 Ndf6 10. Nxe4 Nxe4
11. f3 Nf6 12. e4 fxe4 13. fxe4 d5 14. cxd5 exd5 15. e5 Nd7 16. Bxd5+ Kh8 17. Bg2 Nb6 18. d5 Bc5+ 19. Kh1 Bd7 20. Qc2 Be7
21. e6 Bb5 22. Bxc7 Qc8 23. Rxf8+ Qxf8 24. a4 Rc8 25. axb5 Bd6 26. Bxd6 Qxd6 27. Qxc8+ Nxc8 28. Nd3 Ne7 29. Rxa7 h6 30. Be4 Qb6
31. Ra8+ Ng8 32. e7 Qe3 33. Rxg8+ Kxg8 34. e8=Q#
1-0

[Event "Big Slow Lazy Tourney -  Dutch Style"]
[Site "SchemingMind.com"]
[Date "2020.07.11"]
[Round "-"]
[White "Matthew Bailey"]
[Black "Phillip Beckett"]
[Result "1-0"]
[WhiteCountry "ENG"]
[BlackCountry "ENG"]
[WhiteElo "2545"]
[WhiteRD "57"]
[BlackElo "1539"]
[BlackRD "49"]
[GameID "457762"]

1. d4 f5 2. g3 d5 3. c4 e6 4. Bg2 c6 5. Bf4 Bd6 6. e3 Bxf4 7. exf4 Nf6 8. Nf3 O-O 9. Qb3 Ne4 10. O-O Qc7
11. Rc1 Qb6 12. c5 Qxb3 13. axb3 Nd7 14. Nc3 Ndf6 15. Ne5 Bd7 16. Nb1 a6 17. f3 Nxc5 18. dxc5 Be8 19. b4 Bh5 20. Nd2 Bg6
21. Nb3 Rfb8 22. Nd4 a5 23. bxa5 Ra6 24. Bf1 Rba8 25. Bxa6
1-0

[Event "Big Slow Lazy Tourney -  Dutch Style"]
[Site "SchemingMind.com"]
[Date "2020.07.11"]
[Round "-"]
[White "Phillip Beckett"]
[Black "Randy Bahr"]
[Result "0-1"]
[WhiteCountry "ENG"]
[BlackCountry "USA"]
[WhiteElo "1539"]
[WhiteRD "49"]
[BlackElo "1774"]
[BlackRD "69"]
[GameID "457763"]

1. d4 f5 2. e3 Nf6 3. Bd3 d6 4. Nd2 e5 5. dxe5 dxe5 6. Qe2 Bb4 7. c3 Bd6 8. Bc2 O-O 9. Ngf3 Qe7 10. O-O Nc6
11. Nb3 g5 12. Nxg5 Ng4 13. f4 Kh8 14. fxe5 Bxe5 15. Nf3 Be6 16. h3 f4 17. exf4 Bxb3 18. Bxb3 Bd4+ 19. Kh1 Qxe2
0-1

[Event "Big Slow Lazy Tourney -  Dutch Style"]
[Site "SchemingMind.com"]
[Date "2020.07.12"]
[Round "-"]
[White "Phillip Beckett"]
[Black "frankly"]
[Result "0-1"]
[WhiteCountry "ENG"]
[BlackCountry "ENG"]
[WhiteElo "1539"]
[WhiteRD "49"]
[BlackElo "2576"]
[BlackRD "63"]
[GameID "457764"]

1. d4 f5 2. e3 Nf6 3. Bd3 d6 4. Nd2 e5 5. dxe5 dxe5 6. Qe2 e4 7. Bc4 Bd6 8. Nb3 a6 9. Nd4 c5 10. Ne6 Qe7
11. Ng5 b5 12. Bf7+ Kf8 13. Bd2 h6 14. Bd5 Nxd5 15. N5h3 Nc6 16. Bc3 Be6 17. O-O-O Nxc3 18. bxc3 Bf7 19. Nf4 Qc7 20. Ngh3 Be5
21. Rd5 Qa5 22. Rd7 Qxc3 23. Rxf7+ Ke8 24. Qh5 Qb2+ 25. Kd1 Qb1+ 26. Kd2 Bc3+ 27. Ke2 Qxc2+ 28. Kf1 Qc1+ 29. Ke2 Qd2+ 30. Kf1 Qe1#
0-1

[Event "Big Slow Lazy Tourney -  Dutch Style"]
[Site "SchemingMind.com"]
[Date "2020.07.11"]
[Round "-"]
[White "Phillip Beckett"]
[Black "Arnold Jones"]
[Result "0-1"]
[WhiteCountry "ENG"]
[BlackCountry "ENG"]
[WhiteElo "1539"]
[WhiteRD "49"]
[BlackElo "1677"]
[BlackRD "66"]
[GameID "457773"]

1. d4 f5 2. e3 Nf6 3. Bd3 d5 4. Nd2 Nc6 5. f4 Ng4 6. Ndf3 Nf6 7. c3 e6 8. Ne5 Nxe5 9. fxe5 Ng4 10. Nf3 h5
11. O-O h4 12. h3 Nh6 13. Nh2 g6 14. Nf3 Nf7 15. Qe1 Be7 16. Bd2 g5 17. Nh2 g4 18. hxg4 Nh6 19. gxf5 exf5 20. Qe2 Be6
21. Qh5+ Bf7 22. Qf3 Qd7 23. Rae1 Bg6 24. c4 O-O-O 25. cxd5 Qxd5 26. Qxd5 Rxd5 27. Bc4 Rdd8 28. Be6+ Kb8 29. Rc1 Bg5 30. Nf3 Be7
31. d5 h3 32. gxh3 Nf7 33. Kh2 Nxe5 34. Nxe5 Bd6 35. Bc3 Rh5 36. Kg2 Rg5+ 37. Kh1 Rg3 38. Kh2 Rxe3 39. Bxf5 Rxe5 40. Bxe5 Bxe5+
41. Kh1 Bh5 42. Bg4 Bg6 43. Rfe1 Bxb2 44. Rcd1 Bc2 45. Rd2 Bc3 46. Rxc2 Bxe1 47. Re2 Bh4 48. Bh5 Rxd5 49. Re8+ Bd8 50. Bf3 Rd4
51. Kh2 c5 52. Re2 b5 53. Re4 Rd3 54. Be2 Rd2 55. Re5 Bc7
0-1

[Event "Big Slow Lazy Tourney -  Dutch Style"]
[Site "SchemingMind.com"]
[Date "2020.07.12"]
[Round "-"]
[White "Arnold Jones"]
[Black "AussieMossie"]
[Result "0-1"]
[WhiteCountry "ENG"]
[BlackCountry "AUS"]
[WhiteElo "1677"]
[WhiteRD "66"]
[BlackElo "2503"]
[BlackRD "71"]
[GameID "457774"]

1. d4 f5 2. Bf4 Nf6 3. f3 c5 4. e3 e6 5. Bd3 Nd5 6. Bxb8 Rxb8 7. Qd2 Qb6 8. c4 Nxe3 9. b3 cxd4 10. Kf2 Bb4
11. Qc1 e5 12. Ne2 e4 13. fxe4 fxe4 14. Bxe4 O-O+ 15. Bf3 d5 16. cxd5 Ng4+ 17. Kg3 Qd6+ 18. Kh4 Qf6+ 19. Qg5 Qxg5+ 20. Kxg5 Be7+
21. Kh5 g6#
0-1

[Event "Big Slow Lazy Tourney -  Dutch Style"]
[Site "SchemingMind.com"]
[Date "2020.07.12"]
[Round "-"]
[White "Arnold Jones"]
[Black "frankly"]
[Result "0-1"]
[WhiteCountry "ENG"]
[BlackCountry "ENG"]
[WhiteElo "1677"]
[WhiteRD "66"]
[BlackElo "2576"]
[BlackRD "63"]
[GameID "457775"]

1. d4 f5 2. d5 Nf6 3. f3 c6 4. d6 exd6 5. c4 d5 6. e3 dxc4 7. Bxc4 d5 8. Bb3 Bd6 9. Bd2 O-O 10. Nc3 b5
11. Nce2 Re8 12. Qc2 c5 13. a3 f4 14. e4 Nc6 15. exd5 Nd4 16. Qd1 c4 17. Kf2 Nxb3 18. Bc3 Bc5+ 19. Kf1 Nxd5 20. Bxg7 Ne3+
21. Kf2 Nxd1+ 22. Kf1 Ne3+
0-1

[Event "Big Slow Lazy Tourney -  Dutch Style"]
[Site "SchemingMind.com"]
[Date "2020.07.12"]
[Round "-"]
[White "William Lindberg"]
[Black "Arnold Jones"]
[Result "1-0"]
[WhiteCountry "USA"]
[BlackCountry "ENG"]
[WhiteElo "2437"]
[WhiteRD "66"]
[BlackElo "1637"]
[BlackRD "61"]
[GameID "457776"]

1. d4 f5 2. g3 d6 3. Bg2 Nf6 4. Nf3 e6 5. O-O Nc6 6. c4 h6 7. d5 Ne5 8. Nd4 exd5 9. cxd5 g5 10. Qa4+ Qd7
11. Qc2 f4 12. Nc3 Rg8 13. Bd2 c6 14. dxc6 bxc6 15. e3 Ba6 16. Ne4 Nxe4 17. Bxe4 Bxf1 18. Rxf1 fxg3 19. fxg3 Be7 20. Nf3 Nxf3+
21. Bxf3 Rc8 22. Bh5+ Kd8 23. Ba5+ Rc7 24. Bf7 Rf8 25. Qb3 Qc8 26. e4 d5 27. exd5 Bc5+ 28. Kg2 Bb6 29. Bxb6 axb6 30. Be6 Rcf7
31. Rxf7 Qc7 32. Rxc7 Kxc7 33. Qc3
1-0

[Event "Big Slow Lazy Tourney -  Dutch Style"]
[Site "SchemingMind.com"]
[Date "2020.07.13"]
[Round "-"]
[White "Arnold Jones"]
[Black "dmlowrey"]
[Result "1-0"]
[WhiteCountry "ENG"]
[BlackCountry "USA"]
[WhiteElo "1677"]
[WhiteRD "66"]
[BlackElo "1577"]
[BlackRD "76"]
[GameID "457777"]

1. d4 f5 2. Nf3 Nf6 3. c4 e6 4. Nc3 b6 5. b3 Bb7 6. e3 Bb4 7. Bd2 Nc6 8. d5 exd5 9. cxd5 Bxc3 10. Bxc3 Ne7
11. Bxf6 gxf6 12. Bc4 Ng6 13. Qc2 Qe7 14. Nd4 f4 15. Nf5 Qe5 16. O-O-O O-O-O 17. d6 Bxg2 18. Ba6+ Bb7 19. Qxc7#
1-0

[Event "Big Slow Lazy Tourney -  Dutch Style"]
[Site "SchemingMind.com"]
[Date "2020.07.16"]
[Round "-"]
[White "The Stonewall"]
[Black "Arnold Jones"]
[Result "1-0"]
[WhiteCountry "ENG"]
[BlackCountry "ENG"]
[WhiteElo "2477"]
[WhiteRD "82"]
[BlackElo "1637"]
[BlackRD "61"]
[GameID "457778"]

1. d4 f5 2. g3 Nf6 3. Nf3 b6 4. Bg2 Bb7 5. O-O Bxf3 6. Bxf3 d5 7. c4 c5 8. cxd5 Ne4 9. Nd2 cxd4 10. Nxe4 fxe4
11. Bxe4 Nd7 12. Qxd4 Rc8 13. Bf5 Rc7 14. Bf4 Rb7 15. Rac1 Nc5 16. Rxc5 bxc5 17. Qa4+ Kf7 18. Be6+ Kg6 19. Qe4+
1-0

[Event "Big Slow Lazy Tourney -  Dutch Style"]
[Site "SchemingMind.com"]
[Date "2020.07.11"]
[Round "-"]
[White "Arnold Jones"]
[Black "maro"]
[Result "1-0"]
[WhiteCountry "ENG"]
[BlackCountry "MEX"]
[WhiteElo "1677"]
[WhiteRD "66"]
[BlackElo "1373"]
[BlackRD "60"]
[GameID "457779"]

1. d4 f5 2. c4 e6 3. c5 c6 4. b4 b5 5. a4 bxa4 6. Qxa4 g6 7. Qa5 Qxa5 8. bxa5 Ba6 9. Bf4 Bg7 10. Nf3 d5
11. cxd6 Nd7 12. Ng5 c5 13. Nxe6 Bf6 14. Nc7+ Kf7 15. Nxa8 cxd4 16. Nd2 d3 17. Rc1 dxe2 18. Bxe2 Bxe2 19. Kxe2 g5 20. Rc7 gxf4
21. Rxd7+ Kg6 22. Rxa7 Nh6 23. Nc7 Bd4 24. Ra6 Kh5 25. d7 Rd8 26. Ne6 Rxd7 27. Nf3 Bb2 28. Nxf4+ Kg4 29. Rxh6 Kxf4 30. Rh4#
1-0

[Event "Big Slow Lazy Tourney -  Dutch Style"]
[Site "SchemingMind.com"]
[Date "2020.07.16"]
[Round "-"]
[White "Arnold Jones"]
[Black "Uzi Mike"]
[Result "0-1"]
[WhiteCountry "ENG"]
[BlackCountry "USA"]
[WhiteElo "1623"]
[WhiteRD "62"]
[BlackElo "2305"]
[BlackRD "73"]
[GameID "457780"]

1. d4 f5 2. b3 Nf6 3. c3 e6 4. Bb2 d5 5. Nf3 f4 6. Qd2 Bd6 7. Ne5 O-O 8. f3 Nfd7 9. Nxd7 Qh4+ 10. Kd1 Bxd7
11. Qe1 Qh6 12. c4 dxc4 13. Qc3 cxb3 14. Qxb3 Nc6 15. Bc3 Ne7 16. Be1 c5 17. Bf2 cxd4 18. Qxb7 Ba4+ 19. Ke1 Qf6 20. Qa6 d3
21. Qxd6 Qxa1 22. Qxd3 Rad8 23. Bd4 Rxd4 24. Qxd4 Qxd4 25. Nd2 Rc8 26. Nb3 Bxb3 27. axb3 Rc1#
0-1

[Event "Big Slow Lazy Tourney -  Dutch Style"]
[Site "SchemingMind.com"]
[Date "2020.07.12"]
[Round "-"]
[White "ray winteringham"]
[Black "Arnold Jones"]
[Result "1/2-1/2"]
[WhiteCountry "ENG"]
[BlackCountry "ENG"]
[WhiteElo "1520"]
[WhiteRD "50"]
[BlackElo "1677"]
[BlackRD "66"]
[GameID "457781"]

1. d4 f5 2. g3 Nf6 3. Bg2 d5 4. Bf4 Nc6 5. c3 e6 6. Nf3 h6 7. O-O Ne4 8. Nbd2 g5 9. Be5 Nxe5 10. Nxe5 Qf6
11. Qa4+ c6 12. Nxe4 dxe4 13. Nxc6 Bd7 14. Qc4 Bxc6 15. Rad1 O-O-O 16. f3 e3 17. f4 Kb8 18. Qb3 Bxg2 19. Kxg2 g4 20. Rd3 h5
21. Rxe3 Rd6 22. Re5 Ka8 23. Rb5 Rh7 24. Qc4 Kb8 25. Rc5 b6 26. Rc8+ Kb7 27. Ra8 Rc7 28. Rxa7+ Kxa7 29. Qxc7+ Ka6 30. Qc8+ Ka7
31. Qc7+= Ka6 32. Qc8+ Ka7 33. Qc7+ Ka8 34. Qc8+=
1/2-1/2

[Event "Big Slow Lazy Tourney -  Dutch Style"]
[Site "SchemingMind.com"]
[Date "2020.07.16"]
[Round "-"]
[White "Arnold Jones"]
[Black "Robert Bruce"]
[Result "0-1"]
[WhiteCountry "ENG"]
[BlackCountry "SCO"]
[WhiteElo "1637"]
[WhiteRD "61"]
[BlackElo "2450"]
[BlackRD "66"]
[GameID "457782"]

1. d4 f5 2. e3 Nf6 3. Nf3 e6 4. c4 b6 5. Nc3 Be7 6. Be2 Bb7 7. d5 O-O 8. dxe6 dxe6 9. Qxd8 Rxd8 10. O-O Ne4
11. Nxe4 Bxe4 12. Ne5 Bf6 13. f4 a5 14. b3 Nc6 15. Bb2 Rd2 16. Nxc6 Rxe2 17. Bxf6 Rxg2+
0-1

[Event "Big Slow Lazy Tourney -  Dutch Style"]
[Site "SchemingMind.com"]
[Date "2020.07.13"]
[Round "-"]
[White "dvoretsky"]
[Black "Arnold Jones"]
[Result "1-0"]
[WhiteCountry "ENG"]
[BlackCountry "ENG"]
[WhiteElo "2556"]
[WhiteRD "81"]
[BlackElo "1623"]
[BlackRD "62"]
[GameID "457783"]

1. d4 f5 2. g3 d5 3. Nf3 Nc6 4. c4 Nf6 5. cxd5 Nxd5 6. Bg2 h6 7. Bd2 g5 8. Nc3 Nxc3 9. Bxc3 e6 10. d5 Bb4
11. dxc6 Bxc3+ 12. bxc3 Qf6 13. Qd4 O-O 14. Qxf6 Rxf6 15. Ne5 b6 16. O-O-O Ba6 17. Rd7 Rc8 18. Kd2 f4 19. Be4 Kf8 20. gxf4 gxf4
21. Rg1 Bb5 22. Bh7
1-0

[Event "Big Slow Lazy Tourney -  Dutch Style"]
[Site "SchemingMind.com"]
[Date "2020.07.13"]
[Round "-"]
[White "Mihir Chandrashekhar"]
[Black "Arnold Jones"]
[Result "1-0"]
[WhiteCountry "IND"]
[BlackCountry "ENG"]
[WhiteElo "1733"]
[WhiteRD "65"]
[BlackElo "1637"]
[BlackRD "61"]
[GameID "457784"]

1. d4 f5 2. Nf3 d5 3. e3 Nf6 4. Bd3 e6 5. O-O Nc6 6. a3 Bd6 7. c4 dxc4 8. Bxc4 Bd7 9. Nc3 Na5 10. Ba2 Ne4
11. d5 Nxc3 12. bxc3 e5 13. e4 Bb5 14. Re1 f4 15. Nxe5 Bxe5 16. Qh5+ Kf8 17. Qxe5 g5 18. Qxh8+ Ke7 19. Qg7+ Ke8 20. d6 c6
21. Qf7#
1-0

[Event "Big Slow Lazy Tourney -  Dutch Style"]
[Site "SchemingMind.com"]
[Date "2020.07.11"]
[Round "-"]
[White "Matthew Bailey"]
[Black "Arnold Jones"]
[Result "1-0"]
[WhiteCountry "ENG"]
[BlackCountry "ENG"]
[WhiteElo "2545"]
[WhiteRD "57"]
[BlackElo "1677"]
[BlackRD "66"]
[GameID "457785"]

1. d4 f5 2. g3 b5 3. Bg2 d5 4. Nf3 e6 5. O-O c5 6. c4 e5 7. Nxe5 g5 8. Bxd5 b4 9. dxc5 Bxc5 10. Bxa8 Qxd1
11. Rxd1 Ne7 12. Bxg5 Ng6 13. Rd8#
1-0

[Event "Big Slow Lazy Tourney -  Dutch Style"]
[Site "SchemingMind.com"]
[Date "2020.07.12"]
[Round "-"]
[White "Arnold Jones"]
[Black "Randy Bahr"]
[Result "0-1"]
[WhiteCountry "ENG"]
[BlackCountry "USA"]
[WhiteElo "1677"]
[WhiteRD "66"]
[BlackElo "1774"]
[BlackRD "69"]
[GameID "457786"]

1. d4 f5 2. c4 Nf6 3. d5 d6 4. f3 g6 5. Nc3 e5 6. dxe6 Bxe6 7. b3 Bg7 8. Bb2 O-O 9. e3 Nc6 10. a3 Bh6
11. Qd3 Ne5 12. Qc2 Bxe3 13. Nge2 c6 14. f4 Ned7 15. Nd1 Bb6 16. Bxf6 Qxf6 17. Ndc3 Nc5 18. O-O-O Ne4 19. Nxe4 fxe4 20. Qxe4 Qa1+
21. Kd2 Qa2+ 22. Qc2 Be3+ 23. Kc3 Qxa3 24. Qd3 Qa5+ 25. Kb2 Bc5 26. Ra1 Qb6 27. h4 Bf5 28. Qc3 Rae8 29. Rd1 Re3 30. Qc1 Qxb3+
31. Ka1 Qa4+
0-1